000 00358nam a22001697a 4500
003 UA-OsUOA
001 4976
007 ta
008 20050721b un ||||| |||| 00| 0 ukr d
100 _aPrice
700 _aJohn Ellis
942 _cBK
040 _aUA-OsUOA
_cUA-OsUOA
_dUA-OsUOA
245 _aCollege Accounting.
_bEconomics
955 _a2
650 7 _2UDC
999 _c291138
_d291138